Happionaire's cash the crash!: (Record no. 56231)

MARC details
000 -LEADER
fixed length control field 00849nam a22002177a 4500
005 - DATE AND TIME OF LATEST TRANSACTION
control field 20180823163324.0
010 ## - LCCN (DPL NO)
LC control number G-001383 ENG-123852
020 ## - INTERNATIONAL STANDARD BOOK NUMBER
International Standard Book Number 9788190647953
Terms of availability 499.00
035 ## - SYSTEM CONTROL NUMBER
System control number G-001383 EN-107384
037 ## - SOURCE OF ACQUISITION
Source of stock number/acquisition Gift
037 ## - SOURCE OF ACQUISITION
Source of stock number/acquisition DBAD/PUB.
082 ## - DEWEY DECIMAL CLASSIFICATION NUMBER
Classification number 332.64254
100 ## - MAIN ENTRY--PERSONAL NAME
Personal name Chabria, Yogesh
245 ## - TITLE STATEMENT
Title Happionaire's cash the crash!:
Statement of responsibility, etc by Yogesh Chabria
Remainder of title create even more wealth every time there is a stock market crash, economic slowdown and global gloom! /
260 ## - PUBLICATION, DISTRIBUTION, ETC. (IMPRINT)
Place of publication, distribution, etc New Delhi
Name of publisher, distributor, etc Network 18 Publications ,
Date of publication, distribution, etc 2009
270 ## - ADDRESS
Address 507, Prabhat Kiran, 17 Rajendra Palace
Postal code 110008
City New Delhi
300 ## - PHYSICAL DESCRIPTION
Extent 265p.
Dimensions 22cm(Hb)
500 ## - GENERAL NOTE
General note "The secret to financial security, freedom and wealth creation is in your hands."
942 ## - ADDED ENTRY ELEMENTS (KOHA)
Source of classification or shelving scheme Dewey Decimal Classification
Item type English Books
Classification part 332.64254
Call number suffix CHA
Holdings
Withdrawn status Lost status Not for loan Collection code Home library Current library Date acquired Source of acquisition Cost, normal purchase price Full call number Barcode Copy number Cost, replacement price Koha item type
    Not For Loan Non-fiction D.B.Act.Division Bawana 21/08/2018 DBAD/PUB 499.00 332.64254 CHA EN-107384 1 499.00 English Books
      Non-fiction Janak Puri Janak Puri 02/09/2011 gift 499.00 332.64254 CHA G-001383 1 499.00 English Books

© Delhi Public Library
Hit Counter
free hit counter